| 000 | 00724nam a2200253 4500 | ||
|---|---|---|---|
| 001 | 1406 | ||
| 010 | _a9789896662363 | ||
| 021 |
_aPT _b463865/19 |
||
| 090 | _a1406 | ||
| 100 | _a20231117d2020 m||y0pory50030103ba | ||
| 101 | 0 | _apor | |
| 102 | _aPT | ||
| 200 |
_aVida "lixo" zero _eaprenda a viver de forma mais simples, sustentável e feliz _fAna Milhazes _gil. Bárbara R. |
||
| 205 | _a1ª edição | ||
| 210 |
_aLisboa _cContraponto _d2020 |
||
| 215 |
_a222, [2] p. _cil. _d24 cm |
||
| 300 | _aBMB-Registado | ||
| 606 |
_91503 _aConservação da natureza |
||
| 606 |
_91504 _aMeio Ambiente |
||
| 675 |
_a502 _vBMB _zpor |
||
| 700 |
_aMilhazes _bAna _91505 |
||
| 702 |
_aR. _bBárbara _4440 _91506 |
||
| 801 |
_aPT _bBMB _gRPC |
||
| 990 | _cLIVROS | ||